| 000 | 00538nam a2200133Ia 4500 | ||
|---|---|---|---|
| 008 | 171212s9999 xx 000 0 und d | ||
| 020 | _a9780833028150 | ||
| 100 | _aSwaine, Michael D.;Daly, Sara A.;Greenwood, Peter W. | ||
| 245 |
_cSwaine, Michael D.;Daly, Sara A.;Greenwood, Peter W. _aInterpreting China's Grand Strategy _bPast, Present, and Future |
||
| 260 |
_bRAND Corporation _c2000 |
||
| 650 | _aChina -- Military policy; National security -- China | ||
| 650 | _aPolitical Science | ||
| 856 | _uwww.jstor.org/stable/10.7249/mr1121af | ||
| 999 |
_c352235 _d352235 |
||